[Event "III Copa Marcel Duchamp 2019"]
[Site "Montevideo"]
[Date "2019.02.15"]
[Round "8.6"]
[White "Ricardi, Pablo"]
[Black "Muniz, Rafael"]
[Result "1-0"]
[WhiteElo "2479"]
[BlackElo "2250"]
[Annotator "TA"]
[PlyCount "81"]
[EventDate "2019.02.09"]
[EventType "swiss"]
[EventCountry "URU"]
[SourceTitle "playchess.com"]
[Source "ChessBase"]
[SourceQuality "1"]

{[%evp 21,81,65,59,46,51,45,142,146,138,141,164,171,152,118,122,68,68,63,90,88,132,95,330,319,324,327,324,319,386,375,614,354,336,336,347,343,341,341,335,299,294,294,300,300,498,488,508,502,480,465,453,440,858,754,4059,1441,2045,2085,7591,5277,5222,4724]} 1. Nf3 Nf6 2. c4 c5 3. g3 b6 4. Bg2 Bb7 5. O-O e6 6. Nc3 d6 7. Re1 Be7 8. e4 O-O 9. d4 cxd4 10. Nxd4 Qc8 11. b3 a6 12. Ba3 {Hoping for e5. A30: Symmetrical English: Double Fianchetto and Hedgehog} (12. Bb2 Nbd7 13. h3 Re8 14. g4 g6 15. Rc1 Bf8 16. Qd2 Qc7 17. f4 e5 18. Nd5 Qd8 19. Nxf6+ Qxf6 20. Ne2 Nc5 {0-1 (29) Piorun,K (2517)-Neiksans,A (2559) Wroclaw 2014}) 12... Re8 13. Rc1 Nc6 $146 {[#]} (13... Qc7 $14) ({Predecessor:} 13... Nbd7 14. f4 Bf8 15. Rc2 g6 16. Nf3 Nc5 17. Ng5 h6 18. Nh3 Qc7 19. Nf2 Rad8 {½-½ (55) Kretchetov,A (2264)-Li,Z (2412) Las Vegas 2017}) 14. Nd5 $1 $16 {[%cal Rd5b6][%mdl 512] White is clearly better.} Bd8 {Black wants to play ...Nxd4.} (14... exd5 15. cxd5) 15. Nxc6 ({Much worse is} 15. Bxd6 $6 Nxd4 16. Qxd4 exd5 $11) 15... Bxc6 16. Bxd6 Qb7 17. Nxf6+ Bxf6 18. Qe2 ({White should try} 18. f3 $16) 18... Bd4 $1 $14 19. Ba3 Rad8 20. Bb2 f5 21. Rcd1 $36 {[%mdl 2048] Keeping Black busy.} Bc5 $2 (21... e5 $16) 22. Rxd8 $18 Rxd8 {[#]} 23. exf5 $1 Bxg2 24. Qxe6+ Kf8 {White must now prevent ...Bh3.} 25. f6 g5 $2 (25... g6) 26. f7 {Threatening mate with Qh6+.} Bxf2+ 27. Kxf2 {White threatens Qh6+ and mate.} Qxf7+ 28. Qxf7+ ({Stronger than} 28. Kxg2 Rd2+ 29. Qe2 Rxe2+ 30. Rxe2 Kg8 $15) 28... Kxf7 29. Kxg2 {[%mdl 4096] Endgame KRB-KR} ({Weaker is} 29. Bc1 Bc6 $18) 29... Rd2+ 30. Kf3 Rxb2 {KR-KR} 31. Re2 Rb1 32. Kg4 a5 $2 (32... Kf6 33. Rd2 Ra1 34. Rd6+ Ke5 35. Rxb6 Rxa2 36. Kxg5 Rxh2 37. Rxa6 Kd4) 33. Kxg5 {White is clearly winning.} a4 34. bxa4 Rb4 35. a5 bxa5 36. Rc2 Ke6 (36... Rb6 $142 37. Kf5 Ke7) 37. c5 Rb7 38. c6 Rc7 39. Kh6 Kd5 40. g4 a4 41. g5 {Accuracy: White = 79%, Black = 30%.} 1-0

[Event "III Copa Marcel Duchamp 2019"]
[Site "Montevideo"]
[Date "2019.02.15"]
[Round "8.7"]
[White "Suarez, Pedro"]
[Black "Hoffman, Alejandro"]
[Result "1/2-1/2"]
[WhiteElo "1950"]
[BlackElo "2461"]
[Annotator "TA"]
[PlyCount "62"]
[EventDate "2019.02.09"]
[EventType "swiss"]
[EventCountry "URU"]
[SourceTitle "playchess.com"]
[Source "ChessBase"]
[SourceQuality "1"]

{[%evp 17,62,9,16,6,16,-25,-13,-32,0,-8,-4,-7,0,0,2,0,-1,-4,-11,-18,-15,-17,-5,-20,-10,-12,-10,-17,0,0,0,0,6,0,18,19,45,45,45,45,44,44,36,43,38,33,15]} 1. d4 Nf6 2. c4 e6 3. Nf3 Bb4+ 4. Bd2 Qe7 5. g3 O-O 6. Bg2 Bxd2+ 7. Nbxd2 d6 8. O-O e5 9. e4 a5 10. h3 {E11: Bogo-Indian} Bd7 (10... Nc6 11. d5 Nb8 12. Ne1 Na6 13. Nd3 Nc5 14. Nxc5 dxc5 15. f4 Ra6 16. Qf3 Re8 17. Rae1 Nd7 18. Qc3 f6 19. h4 Nf8 {½-½ (57) Socko,B (2623)-Tomczak,J (2554) Poznan 2015}) 11. d5 Na6 12. Ne1 $146 {The position is equal.} ({Predecessor:} 12. b3 h6 13. a3 c6 14. Qe2 cxd5 15. cxd5 b5 16. Rfc1 Rfc8 17. Ne1 Qd8 {0-1 (37) Johansson,E-Borisova,B (2210) Gausdal 1987}) 12... Nc5 13. Qe2 c6 14. Nd3 Nxd3 15. Qxd3 Rfc8 16. Rac1 cxd5 17. cxd5 Qd8 18. Qb3 b5 19. Qe3 Be8 20. f4 Nd7 21. Nf3 f6 22. fxe5 Nxe5 23. Nxe5 fxe5 24. Qf2 {[%csl Gf1][%cal Rf2f8] [#]} Qe7 25. h4 h6 26. Qb6 Rxc1 27. Rxc1 {White is slightly better.} Qa7 28. Qxa7 Rxa7 29. Bh3 Kf8 30. Kf2 Ke7 31. Ke3 b4 {Accuracy: White = 61%, Black = 60%.} 1/2-1/2

[Event "III Copa Marcel Duchamp 2019"]
[Site "Montevideo"]
[Date "2019.02.15"]
[Round "8.8"]
[White "Lopez Azambuja, Nicolas"]
[Black "Barreto, Ignacio C. de Barro"]
[Result "1-0"]
[WhiteElo "2320"]
[BlackElo "2212"]
[Annotator "TA"]
[PlyCount "75"]
[EventDate "2019.02.09"]
[EventType "swiss"]
[EventCountry "URU"]
[SourceTitle "playchess.com"]
[Source "ChessBase"]
[SourceQuality "1"]

{[%evp 22,75,56,71,94,56,52,59,65,74,67,72,75,88,108,97,123,125,134,81,131,140,126,136,129,133,139,115,131,129,166,152,153,114,143,124,306,313,393,386,386,386,639,561,29981,29981,29979,29980,29977,29979,29984,29985,29992,29993,29993,29993]} 1. d4 e6 2. Nf3 c5 3. e3 d5 4. c4 dxc4 5. Bxc4 Nf6 6. O-O a6 7. Bb3 Nc6 8. Qe2 cxd4 9. Rd1 Be7 10. exd4 O-O 11. Nc3 Nb4 12. Ne5 Nbd5 {D27: Queen's Gambit Accepted: Classical main line: 7 e4!? and 7 a4} 13. a3 (13. Qf3 Qd6 14. Bg5 Nxc3 15. bxc3 Qc7 16. c4 Bd7 17. Rac1 Bc6 18. Qe2 Ne8 19. Bxe7 Qxe7 20. Nxc6 bxc6 {1-0 (31) Adly,A (2626)-Yakubboev,N (2556) St Petersburg 2018}) 13... Bd7 14. Rd3 Bb5 {White is slightly better.} 15. Nxb5 axb5 16. Rg3 b4 17. a4 $146 ({Predecessor:} 17. Bh6 Ne8 18. a4 Bh4 19. Rh3 gxh6 20. Bxd5 exd5 {1-0 (45) Villavicencio Martinez,A (2333)-Ortells Perez,V (2119) Santa Cruz de la Palma 2005}) 17... Re8 18. Bh6 Bf8 {[#]} 19. Bg5 $1 Be7 20. h4 (20. Re1 $142) 20... Nd7 {[#]} 21. Bh6 $1 $40 {[%mdl 128] White is out for blood.} g6 22. h5 Nxe5 23. dxe5 (23. Qxe5 $6 Bf6 $11) 23... Bf8 24. Bxf8 Rxf8 25. Qe4 {[%cal Rh5g6]} Kg7 26. Rd1 Ra5 27. Bc2 {[%cal Rh5g6]} Rg8 28. Qg4 {[%cal Rh5g6]} ({But not} 28. hxg6 $6 hxg6 29. Rh3 Rh8 $14) 28... Kf8 $2 (28... Qe8 $16 29. Bb3 Qe7) 29. Rf3 $18 {And now Qxe6 would win.} ({Weaker is} 29. hxg6 hxg6 30. Bb3 Kg7 $16) 29... Ke8 30. Bd3 Qe7 31. Bb5+ Kd8 $2 (31... Rxb5 32. axb5 Qd8) 32. Qc4 {Hoping for Rxd5+.} gxh5 33. Rxd5+ {White mates.} exd5 34. Qxd5+ {[%mdl 64] Double Attack} Kc8 35. Rxf7 Rxb5 36. axb5 (36. Rxe7 $2 {is the wrong capture.} Rxd5 37. Kf1 Rd1+ 38. Ke2 Rb1 $19) 36... Rxg2+ 37. Kxg2 Qg5+ 38. Kf3 {Accuracy: White = 71%, Black = 31%.} 1-0

[Event "III Copa Marcel Duchamp 2019"]
[Site "Montevideo"]
[Date "2019.02.15"]
[Round "8.9"]
[White "Coro, Lucas"]
[Black "Coppola, Claudio"]
[Result "1/2-1/2"]
[WhiteElo "2284"]
[BlackElo "2209"]
[Annotator "TA"]
[PlyCount "27"]
[EventDate "2019.02.09"]
[EventType "swiss"]
[EventCountry "URU"]
[SourceTitle "playchess.com"]
[Source "ChessBase"]
[SourceQuality "1"]

{[%evp 26,27,29,0]} 1. e4 e5 2. Nf3 Nc6 3. Bb5 f5 4. d3 fxe4 5. dxe4 Nf6 6. O-O Bc5 7. Bxc6 bxc6 8. Nxe5 O-O 9. Nc3 d6 {C63: Ruy Lopez: Schliemann/Jaenisch Defence} 10. Nd3 Bd4 11. Nb4 $146 ({Predecessor:} 11. Ne2 Bb6 12. Ng3 Ng4 13. h3 Qh4 14. Nf5 Bxf5 15. exf5 Nxf2 16. Nxf2 Rxf5 17. Qe2 {1-0 (34) Najer,E (2653)-Salem,A (2581) Dubai 2014}) 11... Bc5 12. Nd3 Bd4 13. Nb4 Bc5 14. Nd3 {LiveBook: 19 Games} 1/2-1/2

[Event "III Copa Marcel Duchamp 2019"]
[Site "Montevideo"]
[Date "2019.02.15"]
[Round "8.10"]
[White "Carbone, Diego"]
[Black "Larrea, Manuel"]
[Result "1/2-1/2"]
[WhiteElo "2256"]
[BlackElo "2269"]
[Annotator "TA"]
[PlyCount "57"]
[EventDate "2019.02.09"]
[EventType "swiss"]
[EventCountry "URU"]
[SourceTitle "playchess.com"]
[Source "ChessBase"]
[SourceQuality "1"]

{[%evp 16,57,34,35,31,31,48,51,44,47,43,41,54,50,62,58,54,56,63,70,126,116,117,116,203,200,173,194,198,189,207,170,154,156,204,186,196,174,181,81,77,75,79,72]} 1. d4 Nf6 2. c4 g6 3. g3 Bg7 4. Bg2 O-O 5. Nc3 d6 6. Nf3 Nc6 7. O-O a6 8. b3 Rb8 9. d5 Na5 {E63: King's Indian: Fianchetto: Panno Variation with 7...a6} 10. Bg5 c5 11. dxc6 $1 Nxc6 {White is slightly better.} 12. Rc1 h6 13. Bd2 {[#]} b6 $146 ({Predecessor:} 13... Be6 14. Ne1 Qd7 15. Nd5 h5 16. Bc3 Bh3 17. Nxf6+ Bxf6 18. Bxf6 exf6 19. Bxh3 Qxh3 {1-0 (66) Cordova,E (2595)-Cuenca Jimenez,J (2513) Merida 2018}) 14. Nd5 {[%cal Bc3d5,Bd5b4,Bb4c6][%mdl 32]} Ne4 15. Nd4 Nxd4 16. Bxe4 e6 17. Nb4 Qc7 {[#]} (17... a5 $14) 18. e3 $1 $16 {[%cal Re3d4]} Nf5 19. Nc6 Bb7 (19... Rb7 $16) 20. Nxb8 $18 Bxe4 21. Nxa6 Qb7 22. f3 Bd3 23. Re1 {[#] Nb4 is the strong threat.} Qxa6 24. Bc3 Bxc4 25. Bxg7 Kxg7 26. bxc4 {Hoping for e4.} Qa3 27. e4 (27. Qe2 $18 {and White stays clearly on top.}) 27... Qc5+ $16 28. Kh1 Nd4 29. Rc3 {Accuracy: White = 69%, Black = 43%.} 1/2-1/2

[Event "III Copa Marcel Duchamp 2019"]
[Site "Montevideo"]
[Date "2019.02.15"]
[Round "8.11"]
[White "Salinas Herrera, Pablo"]
[Black "Curi, Gabriel"]
[Result "1-0"]
[WhiteElo "2477"]
[BlackElo "2159"]
[Annotator "TA"]
[PlyCount "53"]
[EventDate "2019.02.09"]
[EventType "swiss"]
[EventCountry "URU"]
[SourceTitle "playchess.com"]
[Source "ChessBase"]
[SourceQuality "1"]

{[%evp 15,53,-4,0,0,0,-31,8,0,0,-26,-27,-31,-26,-27,-26,-16,-25,-27,111,124,252,277,261,264,795,795,787,696,758,742,537,364,366,351,369,367,365,349,1640,508]} 1. d4 d5 2. Nf3 Nf6 3. Bf4 c5 4. e3 Nc6 5. Nbd2 e6 6. c3 Bd6 7. Bg3 O-O 8. Bd3 b6 9. e4 {Hoping for e5. D02: 1 d4 d5 2 Nf3 sidelines, including 2...Nf6 3 g3 and 2...Nf6 3 Bf4} (9. Qe2 Bb7 10. Rd1 Re8 11. e4 Be7 12. e5 Nh5 13. h4 cxd4 14. Nxd4 Nxg3 15. fxg3 Bc5 16. N2f3 f5 {½-½ (45) Esipenko,A (2593)-Karjakin,S (2753) St Petersburg 2018}) 9... Be7 10. e5 Nd7 11. a3 {The position is equal.} a5 12. Qb1 $146 ({Predecessor:} 12. Qe2 Bb7 13. h4 h6 14. Bf4 Re8 15. g4 Nf8 16. h5 Nh7 {1-0 (85) Harika,D (2494)-Szczepkowska,K (2408) Wroclaw 2018}) 12... h6 13. h4 cxd4 14. cxd4 Ba6 15. Bxa6 Rxa6 16. Bf4 f6 {[#]} (16... b5 $11) 17. Bxh6 $1 $16 {[%mdl 512]} fxe5 (17... Qe8 $16 {was necessary.}) (17... gxh6 18. Qg6+) 18. Qg6 $1 $18 {[%csl Gh6,LRe6,LRg7][%cal Rg6g7][%mdl 64] Double Attack} Rf7 {[#]} 19. Bxg7 $1 {[%mdl 512]} Nf8 $2 (19... Rxg7 20. Qxe6+ {[%mdl 64] Double Attack} Kh8) 20. Bxf8+ $1 Kxf8 21. Ng5 Bxg5 22. hxg5 Ke7 23. Rh7 Rxh7 24. Qxh7+ Kd6 25. dxe5+ Nxe5 26. f4 Nc6 $2 {[#]} (26... Nd7 27. Rd1 Ra8) 27. Ne4+ $1 {[%mdl 512] Accuracy: White = 59%, Black = 27%.} 1-0

[Event "III Copa Marcel Duchamp 2019"]
[Site "Montevideo"]
[Date "2019.02.15"]
[Round "8.12"]
[White "Sarquis, Maria Belen"]
[Black "Gemy, Jose Daniel"]
[Result "0-1"]
[WhiteElo "2164"]
[BlackElo "2391"]
[Annotator "TA"]
[PlyCount "116"]
[EventDate "2019.02.09"]
[EventType "swiss"]
[EventCountry "URU"]
[SourceTitle "playchess.com"]
[Source "ChessBase"]
[SourceQuality "1"]

{[%evp 13,116,20,16,14,18,18,22,19,25,20,29,9,13,25,36,26,69,62,85,64,62,51,67,-2,70,6,8,8,12,-14,-11,-8,46,0,43,39,52,47,42,39,47,41,39,30,57,57,33,24,12,10,10,14,51,51,51,25,51,46,51,0,0,0,0,0,0,0,5,6,10,8,9,0,0,0,0,0,0,0,0,0,0,0,16,19,52,-7,0,0,0,0,0,0,0,0,0,-1824,-1738,-1422,-1479,-29979,-29980,-29988,-29989,-29988,-29980]} 1. e4 e5 2. Nf3 Nc6 3. Bc4 Bc5 4. c3 Nf6 5. d3 a6 6. a4 O-O 7. O-O d6 8. h3 {C54: Giuoco Piano: 4 c3 Nf6, main lines with 5 d4 and 5 d3} (8. Bg5 h6 9. Bh4 g5 10. Bg3 Ba7 11. Nbd2 Nh7 12. h3 h5 13. d4 h4 14. Bh2 g4 15. hxg4 Bxg4 16. dxe5 dxe5 {1-0 (45) Duda,J (2738)-Kramnik,V (2777) Wijk aan Zee 2019}) 8... h6 9. Re1 Ba7 10. Nbd2 {The position is equal.} Ne7 11. Nf1 Ng6 12. Ng3 c6 13. Bb3 Be6 14. Bc2 b5 $146 ({Predecessor:} 14... Qc7 15. d4 Rad8 16. Be3 b6 17. Qc1 Kh7 18. Nf5 Bxf5 19. exf5 {½-½ (28) Admiraal,M (2446)-Beukema,J (2273) Wachtebeke 2018}) 15. d4 Qc7 16. Be3 c5 17. d5 Bd7 18. Nh2 (18. Qd2 $14) 18... Kh7 (18... c4 $11) 19. Nh5 (19. Ng4 $14 Nxg4 20. hxg4) 19... Nxh5 $11 20. Qxh5 c4 21. Ng4 (21. Bd2 {keeps more tension.} Rfb8 22. Ng4 Bc5 23. a5 b4 24. g3) 21... Bxg4 22. Qxg4 Qe7 (22... Bxe3 $11 23. Rxe3 Rfb8) 23. g3 Rfb8 24. Bd2 Bc5 25. Qe2 Nf8 {[%cal Bg6f8,Bf8d7,Bd7b6,Bb6c4,Bc4a3][%mdl 32]} 26. Reb1 Nd7 27. b3 cxb3 28. Bxb3 b4 29. Bc4 {[%cal Rc3b4]} bxc3 30. Bxc3 (30. Rxb8 {is interesting.} Rxb8 31. Bxc3 Bb4 32. Bxb4 Rxb4 33. a5) 30... Rxb1+ 31. Rxb1 Nb6 32. Bb3 a5 33. Bc2 Qc7 34. Be1 Qd7 35. Qg4 Qc7 36. Rb5 ({White should play} 36. Bd1 $14) 36... Nc4 37. Bd3 Na3 38. Rb3 Bb4 $1 39. Qd1 Qc5 40. Kg2 Qd4 41. Qe2 g6 42. h4 Kg7 43. Bd2 Bxd2 44. Qxd2 Nc4 $1 {[%cal Rc4d2]} 45. Qc3 Rc8 46. Qxd4 exd4 {[%mdl 4096] Endgame KRB-KRN} 47. f4 Ne3+ 48. Kf3 f5 49. Rb5 (49. exf5 $14 gxf5 50. Rb7+ Kf8 51. Ke2) 49... Rc3 50. Ke2 {[#] Hoping for e5.} fxe4 51. Bxe4 Ra3 52. Rxa5 Nc4 53. Ra7+ Kf6 54. g4 $2 {[%mdl 8192]} (54. Rc7 $11 Re3+ 55. Kf2) 54... Re3+ $19 {[%mdl 64] [#] Double Attack} 55. Kf2 Rxe4 56. Rc7 d3 {Black mates.} 57. Kf3 Re3+ 58. Kf2 d2 {Accuracy: White = 45%, Black = 67%.} 0-1

[Event "III Copa Marcel Duchamp 2019"]
[Site "Montevideo"]
[Date "2019.02.15"]
[Round "8.13"]
[White "Lujan, Carolina"]
[Black "Arcos Facio, Mateo"]
[Result "1-0"]
[WhiteElo "2357"]
[BlackElo "2107"]
[Annotator "TA"]
[PlyCount "95"]
[EventDate "2019.02.09"]
[EventType "swiss"]
[EventCountry "URU"]
[SourceTitle "playchess.com"]
[Source "ChessBase"]
[SourceQuality "1"]

{[%evp 21,95,12,16,3,0,0,20,15,16,5,8,0,12,0,0,0,0,0,1,14,25,1,6,5,71,76,114,114,114,110,108,107,143,137,137,143,150,143,147,151,156,147,165,163,231,239,283,227,302,229,315,240,348,332,333,277,277,277,277,277,277,277,426,427,414,400,624,629,639,629,1067,1130,985,784,1508,1416]} 1. e4 e5 2. Nf3 Nc6 3. Bc4 Bc5 4. O-O Nf6 5. d3 O-O 6. Bb3 h6 7. h3 d6 8. c3 a6 9. Re1 Re8 10. Nbd2 Be6 11. Bc2 Ba7 12. Nf1 {C54: Giuoco Piano: 4 c3 Nf6, main lines with 5 d4 and 5 d3} d5 13. exd5 Bxd5 14. Ng3 {The position is equal.} Qd7 (14... Bc5 15. b4 Bf8 16. a4 b5 17. Bd2 Qd7 18. axb5 axb5 19. Rxa8 Rxa8 20. Nxe5 Nxe5 21. Rxe5 {1-0 (59) Amin,B (2710)-Fedoseev,V (2719) St Petersburg 2018}) 15. Be3 Bxe3 16. Rxe3 Rad8 17. Qe2 {[%cal Rf3e5] [#]} g6 $146 ({Predecessor:} 17... Bxf3 18. Qxf3 Nd5 19. Ree1 Re6 20. Rad1 {½-½ (60) Degraeve,J (2573)-Votava,J (2561) Germany 2009}) 18. Nxe5 Nxe5 19. Rxe5 Rxe5 20. Qxe5 Qc6 $1 21. Ne4 Bxe4 22. dxe4 Rd2 (22... Re8 $1 $11 {keeps the balance.} 23. Qf4 Nxe4) 23. Rc1 Nh5 {[#] Strongly threatening ...Qb6.} 24. Bb3 Qf6 25. Qxf6 Nxf6 $16 {[%mdl 4096] Endgame KRB-KRN} 26. Bc2 Re2 27. Kf1 Rd2 28. Ke1 Rd7 29. Rd1 Re7 30. f3 g5 31. Kf2 Re5 32. g3 a5 (32... Re6 $142 33. Ke3 Re7) 33. f4 $18 Rb5 34. b3 Rc5 35. c4 gxf4 36. gxf4 b5 (36... Kf8 $142 37. e5 Nh5) 37. e5 Nh5 38. Rd4 bxc4 39. bxc4 Kf8 40. Bd3 Ke7 41. Ke3 Ke6 (41... Ng7 {was called for.} 42. Rd5 Rxd5 43. cxd5 Nh5) 42. Be2 Ng7 43. Bg4+ Ke7 (43... f5 $142 44. Bd1 Rc6) 44. Rd7+ {White is clearly winning.} Ke8 45. Kd4 h5 46. Kxc5 hxg4 47. Rd3 Ne6+ 48. Kc6 {Accuracy: White = 79%, Black = 31%.} 1-0

[Event "III Copa Marcel Duchamp 2019"]
[Site "Montevideo"]
[Date "2019.02.15"]
[Round "8.14"]
[White "Pichuaga, Juan Pablo"]
[Black "De Dovitiis, Alejo"]
[Result "1/2-1/2"]
[WhiteElo "2027"]
[BlackElo "2353"]
[Annotator "TA"]
[PlyCount "98"]
[EventDate "2019.02.09"]
[EventType "swiss"]
[EventCountry "URU"]
[SourceTitle "playchess.com"]
[Source "ChessBase"]
[SourceQuality "1"]

{[%evp 9,98,18,17,20,11,8,2,4,25,27,34,24,29,18,8,11,10,0,23,20,40,26,29,0,0,0,19,0,0,0,0,0,0,-20,-18,-21,-18,-25,-21,-33,0,0,0,-30,-2,-1,-7,-36,-36,-35,0,0,0,0,0,0,0,0,0,0,0,0,0,0,0,0,0,0,0,0,0,0,0,0,0,0,0,0,0,0,0,0,0,0,0,0,0,0,0,0,0]} 1. d4 Nf6 2. Nf3 e6 3. Bf4 c5 4. e3 b6 5. Be2 Bb7 6. O-O {A47: 1 d4 Nf6 2 Nf3 b6: Torre, London and Colle Systems} Be7 7. h3 O-O 8. Nbd2 cxd4 (8... d6 9. Bh2 Nbd7 10. a4 a6 11. c3 cxd4 12. exd4 Nd5 13. Qb3 {½-½ (102) Laznicka,V (2647)-Kryvoruchko,Y (2689) Riadh 2017}) 9. exd4 d6 10. Re1 Na6 $146 ({Predecessor:} 10... Re8 11. c3 Nbd7 12. a4 Qc7 13. Bb5 {0-1 (29) Gostelow,D (1970)-Juciute,E (1884) Douglas 2016}) 11. a3 Nc7 12. Bh2 Qd7 13. Bd3 Rac8 14. Qe2 Rfe8 15. c3 Bf8 16. Ne4 Nxe4 17. Bxe4 Ba6 18. Bd3 Bxd3 19. Qxd3 h6 20. Re2 Qc6 21. Rd1 Nd5 {[%cal Bc7d5,Bd5b6,Bb6c4][%mdl 32]} 22. Ne1 b5 23. Nc2 a5 24. Ne3 Nb6 25. d5 exd5 26. Nf5 Qc4 27. Rxe8 Rxe8 28. Qd4 (28. Qb1 {keeps more tension.} Qc6 29. Nd4 Qd7 30. Bf4 Nc4 31. Bc1) 28... Qxd4 29. Nxd4 Nc4 30. b4 $1 {The position is equal.} Nxa3 31. bxa5 {Hoping for Ra1.} Ra8 32. Nf5 g6 33. Nxd6 Rxa5 34. Rxd5 Nc4 {[#] ( -> ...Ra1+)} 35. Bg3 Bxd6 36. Bxd6 $11 {[%mdl 4096] Endgame KRB-KRN} Ra1+ 37. Kh2 Nxd6 38. Rxd6 {KR-KR} Ra2 39. f3 Ra3 40. Rd5 Rb3 41. Rc5 h5 42. Kg3 Rb2 43. h4 Kg7 44. Rc6 Kf8 45. Rc7 Kg7 46. Rc6 Rc2 47. Rb6 Rxc3 48. Rxb5 Rc2 49. Rb6 Ra2 {Accuracy: White = 66%, Black = 76%.} 1/2-1/2

[Event "III Copa Marcel Duchamp 2019"]
[Site "Montevideo"]
[Date "2019.02.15"]
[Round "8.15"]
[White "Durante, Aurelio"]
[Black "Zapata Charles, Santiago"]
[Result "0-1"]
[WhiteElo "1941"]
[BlackElo "2300"]
[Annotator "TA"]
[PlyCount "64"]
[EventDate "2019.02.09"]
[EventType "swiss"]
[EventCountry "URU"]
[SourceTitle "playchess.com"]
[Source "ChessBase"]
[SourceQuality "1"]

{[%evp 12,64,9,0,29,3,0,-27,-12,-33,0,-36,-24,-27,13,5,12,19,13,4,18,6,40,27,45,43,69,-65,-66,-118,-89,-148,-149,-138,-127,-137,-70,-66,-74,-175,-132,-118,-126,-125,-129,-291,-270,-526,-245,-374,-158,-797,-764,-744,-734]} 1. e4 e6 2. d3 c5 3. Nf3 Nc6 4. g3 g6 5. Bg2 Bg7 6. O-O Nge7 7. Re1 O-O {A04: Unusual lines after 1 Nf3 and King's Indian Attack} (7... e5 8. a3 O-O 9. b4 b6 10. c3 d6 11. Nbd2 Be6 12. Ng5 Bd7 13. Nc4 h6 14. Nf3 Be6 15. Bd2 {1-0 (40) Grischuk,A (2777)-Najer,E (2646) Moscow 2014}) 8. Nc3 d5 9. e5 h6 {Black has an edge.} 10. h4 f6 $146 ({Predecessor:} 10... a6 11. Bf4 b5 12. Qd2 Kh7 13. b3 Bb7 14. a4 b4 15. Nd1 a5 {1-0 (55) Galmandakh,B (2230)-Khatanbaatar,B (2358) Arvaikheer 2012}) 11. Bf4 (11. exf6 {with more complications.} Rxf6 12. Bf4 Rf7 13. Qd2 Nf5 14. Be5) 11... fxe5 12. Nxe5 Nxe5 13. Bxe5 Bxe5 14. Rxe5 Nc6 15. Re1 Qf6 16. Qd2 Kg7 17. Nb5 Qxb2 18. Rab1 Qf6 $1 19. Nd6 (19. c4 $1 $14) 19... b6 $15 20. c4 ({Better is} 20. Nxc8 $15 Raxc8 21. Re3) 20... Bd7 21. cxd5 (21. Nb5 $142) 21... exd5 $17 22. Nb5 Rad8 23. Bxd5 Ne5 (23... Bf5 $17 24. Bxc6 Bxd3) 24. f4 $15 Ng4 25. Be4 (25. Nc7 $17) 25... Bxb5 26. Rxb5 Qd4+ 27. Kg2 Rfe8 $36 {[%mdl 2048] Black has strong initiative.} 28. Bf3 $2 (28. Qb2 $17 {is a better defense.}) 28... Ne3+ $19 29. Kh2 $2 {[#]} (29. Kh1) 29... Qxd3 (29... Nc4 $142 $1 {[%mdl 512]} 30. Qg2 (30. dxc4 Qxd2+) 30... Rxe1 31. dxc4 Qxc4) 30. Qb2+ (30. Qxd3 $142 Rxd3 31. Kh3) 30... Qd4 (30... Kf7 $19 {has better winning chances.} 31. Rb3 Nf1+ 32. Rxf1 Qxf1) 31. Kg1 $2 (31. Qxd4+ $17 Rxd4 32. Kg1) 31... Nc2+ 32. Qxd4+ Nxd4 {Accuracy: White = 22%, Black = 32%.} 0-1

[Event "III Copa Marcel Duchamp 2019"]
[Site "Montevideo"]
[Date "2019.02.15"]
[Round "8.16"]
[White "Torella, Rodolfo"]
[Black "Hernandez Amura, Gilberto"]
[Result "0-1"]
[WhiteElo "2022"]
[BlackElo "2199"]
[Annotator "TA"]
[PlyCount "30"]
[EventDate "2019.02.09"]
[EventType "swiss"]
[EventCountry "URU"]
[SourceTitle "playchess.com"]
[Source "ChessBase"]
[SourceQuality "1"]

{[%evp 9,30,27,30,18,35,-15,-10,-63,-53,-83,-94,-212,-230,-337,-360,-352,-358,-357,-359,-365,-352,-348,-349]} 1. e4 e6 2. Qe2 Nc6 3. Nf3 e5 4. c3 d6 5. d4 Be7 (5... g6 6. Bg5 Be7 7. Be3 Bf6 8. h3 Bg7 9. Qc2 Nf6 10. Nbd2 O-O 11. Bb5 Bd7 12. Bxc6 exd4 13. cxd4 Bxc6 {1-0 (24) Yakubboev,N (2556)-Antipov,M (2589) St Petersburg 2018}) 6. h3 {C00: French: Unusual White 2nd moves} Nf6 7. Nbd2 O-O 8. g3 $146 (8. Qd1 $11) ({Predecessor:} 8. Qd1 exd4 9. cxd4 d5 10. e5 Ne4 11. Bd3 f5 12. O-O {0-1 (80) Agrest,S (2276)-Andersson,C (2139) Helsingor 2007}) 8... exd4 $15 9. cxd4 Nb4 {aiming for ...Nc2+.} 10. Qd1 {[#]} (10. Nb3 $17 {was the only defense.}) 10... d5 $1 $19 11. e5 {[#]} (11. a3 {was worth a try.} dxe4 12. axb4 exf3 13. Nxf3) 11... Bf5 $1 {Threatens to win with ...Nc2+.} 12. Bb5 Nc2+ {[%mdl 64] Double Attack} 13. Kf1 Nxa1 14. exf6 Bxf6 15. Ba4 c6 0-1